| 000 | 00542nam a2200193Ia 4500 | ||
|---|---|---|---|
| 005 | 20250923144657.0 | ||
| 008 | 008 250917s9999 xx 000 0 eng d | ||
| 037 | _aTextual | ||
| 040 |
_aDSWL _beng _cDSWL |
||
| 041 |
_aeng _2eng |
||
| 084 |
_aXM259JL236.N55, J9 _qDSWL |
||
| 245 | 0 |
_aCo-operative farming in Gujarat _cby I.S.A.E. |
|
| 260 |
_aBombay _bI.S.A.E. Mahatma Gandhi Road _c1959 |
||
| 300 | _a138p. | ||
| 365 |
_aINR _b5 |
||
| 925 | _g5 | ||
| 942 |
_cTEXL _hXM259JL236.N55, J9 |
||
| 999 |
_c1441938 _d1441938 |
||